Normal view
MARC view
Entry Topical Term
001 - CONTROL NUMBER
- control field: 249134
003 - CONTROL NUMBER IDENTIFIER
- control field: OSt
005 - DATE AND TIME OF LATEST TRANSACTION
- control field: 20251215125126.0
008 - FIXED-LENGTH DATA ELEMENTS
- fixed length control field: 251215|| aca||aabn | a|a d
040 ## - CATALOGING SOURCE
- Original cataloging agency: OSt
- Transcribing agency: OSt
150 ## - HEADING--TOPICAL TERM
- Topical term or geographic name entry element: nOTa
670 ## - SOURCE DATA FOUND
- Source citation: Work cat.: (OSt)152690: BHATTA (G S) Ed ಭಟ್ಟ (ಜಿ ಎಸ್) 249130, Raghvankana harishchandra kavya: ondu samagra nota, 2012